000 00567 a2200193 4500
001 3650
003 OSt
005 20170126082321.0
007 tu
008 161220s1997 xxu||||| |||| 00| 0 d
024 7 _a3649
_2RID
040 _cOSt
100 1 _aKnudsen, Lars
245 0 0 _aSchocks und Schockverarbeitung in der EU - Anmerkungen zur Messung mit Hilfe von VAR-Modellen
260 _aHamburg :
_bHWWA-Institut für Wirtschaftsforschung,Hamburg,
_c1997.
300 _a38 S. ;
_c30cm.
490 _aHWWA-Diskussionspapier
_v48
700 1 _aStahlecker, Peter
700 1 _aWohlers, Eckhard
999 _c3596
_d3596